| 000 | 00580nam a2200169 a 4500 | ||
|---|---|---|---|
| 008 | 120416s1978 ||||||||||||||||| || u | ||
| 020 | _a0719533198 | ||
| 050 | _aQK 641 Cle | ||
| 100 | _aClegg, C. J | ||
| 245 | 1 | 0 | _aAnatomy and activities of plants: a guide to the study of flowering plants |
| 260 |
_aLondon _bJohn Murray _c1978 |
||
| 300 | _a64p. : ill. | ||
| 350 | _a0.00 | ||
| 650 | _aANATOMY--PLANTS | ||
| 650 | 3 | _aANATOMY | |
| 995 |
_D0.00 _FCBU-MAIN LIBRARY (Kitwe) _H1 _I0.00 _M1 _UDAMAGED _ZMain Library Open Access Collection |
||
| 999 |
_c34387 _d34387 |
||